Anuario Estadístico: cuentas monetarias /
Gespeichert in:
| Körperschaft: | |
|---|---|
| Format: | Buch |
| Sprache: | Spanish |
| Veröffentlicht: |
San José, Costa Rica:
Banco Central de Costa Rica
|
| Schlagworte: | |
| Tags: |
Tag hinzufügen
Keine Tags, Fügen Sie den ersten Tag hinzu!
|
MARC
| LEADER | 00000nam a22000007a 4500 | ||
|---|---|---|---|
| 003 | cru CIDCACS/IIS | ||
| 005 | 20201009103156.0 | ||
| 008 | 201009n cr |||p|r||||||0| ||spa|d | ||
| 999 | |c 43424 |d 43424 | ||
| 040 | |c cru CIDCACS/IIS | ||
| 090 | |a REV0052 | ||
| 110 | 2 | |9 9621 |a Banco Central de Costa Rica | |
| 245 | 1 | |a Anuario Estadístico: |b cuentas monetarias / |c Banco Central de Costa Rica | |
| 260 | |a San José, Costa Rica: |b Banco Central de Costa Rica | ||
| 270 | |a Ave. Central y 1º, calles 2 y 4, |b San José |e apdo. 1058-1000 | ||
| 500 | |a EXISTENCIAS : 1983-1987 1984-1988 1986-1990 1988-1992 1990-1994 ESTADO DEL REGISTRO: Ya no se recibe verificar | ||
| 650 | 0 | |9 4324 |a OPERACIONES BANCARIAS | |
| 650 | 0 | |9 931 |a INVERSIONES | |
| 650 | 7 | |9 9451 |a DEPOSITOS BANCARIOS | |
| 650 | 0 | |9 1550 |a TIPO DE CAMBIO | |
| 651 | 0 | |9 32 |a COSTA RICA | |
| 942 | |2 ddc |c PP | ||
